Satoshi Kon Filmography - Statistics

General Stats
  • This quiz has been taken 29 times
  • The average score is 4 of 5
Answer Stats
Hint Answer % Correct
1997 Perfect Blue
100%
2006 Paprika
95%
2003 Tokyo Godfathers
73%
2001 Millennium Actress
64%
unrealsed Dreaming Machine
27%
No matching quizzes found
Score Distribution
Percent of People with Each Score
Percentile by Number Answered
Your Score History
You have not taken this quiz